01326nam a2200229 a 45000010005000000030009000050080041000140400028000550820018000831000060001012450036001612600034001973000011002315050550002426500023007926500030008156500033008456500037008789420012009159990017009279520152009448993CO-ViMGA141112s2004 ck r 000 u spa d aCO-ViMGAbspacCO-ViMGA04a617.072 A483i1 aAgudelo Ayerbe, Alejandro; Montoya, Jose Gilberto9920610aInfecciones propias de la mujer aCali (Col.), cFeriva, c2002 a330.p. aFlora vaginal residente Vaginosis bacteriana Candidiasis vulvovaginal Tricomoniasis Cervicitis Clamidia Gonococo Enfermedad pelvica inflamatoria Papilomavirus genital Herpes virus Infeccion urinaria en la mujer Lúes VIH / SIDA Fisiopatología de las infecciones perinatales Toxoplasmosis Varicela Rubeola Citomegalovirus Hepatitis Malaria Tetanos Listeria Vacunación durante el embarazo Estreptococo del grupo B Infección puerperal Infección de la herida Quirurgica Infección intraamniótica Aborto septico Antibióticos en la mujer14aGINECOLOGIA94996614aINFECCIONES - MUJER9920714aMUJERES Y ENFERMEDADES9920814aTRATAMIENTO DE INFECCIONES99209 2ddccBK c20566d20566 00102ddc40708002aMEVIECARbMEVIECARd2015-12-04hVolumen. 1 | 11/jun/2009l0o617.072 A483i p8993r2019-02-08 00:00:00tEj. 1w2015-12-04yBK